Políticas de crédito en las organizaciones (Registro nro. 11321)

Detalles MARC
000 -LEADER
fixed length control field 00309 a2200109 4500
001 - CONTROL NUMBER
control field ART_6198
005 - DATE AND TIME OF LATEST TRANSACTION
control field 20260410161618.0
008 - FIXED-LENGTH DATA ELEMENTS--GENERAL INFORMATION
fixed length control field 260409a
100 1# - MAIN ENTRY--PERSONAL NAME
Personal name Chalupowicz, Daniel
245 10 - TITLE STATEMENT
Title Políticas de crédito en las organizaciones
773 0# - HOST ITEM ENTRY
Title Enfoques
Related parts - Nº 4 (abr. 2008)
Record control number REV416

No hay ítems disponibles.